Modern Accountancy / (Record no. 158696)

MARC details
000 -LEADER
fixed length control field 00671nam a22002057a 4500
005 - DATE AND TIME OF LATEST TRANSACTION
control field 20230712143721.0
010 ## - LCCN (DPL NO)
LC control number ENG-124294 ENG-137374
020 ## - INTERNATIONAL STANDARD BOOK NUMBER
International Standard Book Number 9789353162238
Terms of availability 795.00
035 ## - SYSTEM CONTROL NUMBER
System control number EN-107826 EN-120906
037 ## - SOURCE OF ACQUISITION
Source of stock number/acquisition DBAD/PUB.
082 ## - DEWEY DECIMAL CLASSIFICATION NUMBER
Classification number 657
100 ## - MAIN ENTRY--PERSONAL NAME
Personal name Mohammed Hanif
245 ## - TITLE STATEMENT
Title Modern Accountancy /
Statement of responsibility, etc by Mohammed Hanif [and] Amitabha Mukherjee
250 ## - EDITION STATEMENT
Edition statement 3rd ed.
260 ## - PUBLICATION, DISTRIBUTION, ETC. (IMPRINT)
Place of publication, distribution, etc Chennai
Name of publisher, distributor, etc McGraw Hill
Date of publication, distribution, etc 2019
270 ## - ADDRESS
Address 444/1, Sri Ekambara Naicker Industrial Estate, Alapakkam, Porur,
City Chennai
Postal code 600116
300 ## - PHYSICAL DESCRIPTION
Extent xxxv,various paging
Dimensions 27cm(pbk)
Other physical details ill.
700 ## - ADDED ENTRY--PERSONAL NAME
Personal name Amitabha Mukherjee
942 ## - ADDED ENTRY ELEMENTS (KOHA)
Source of classification or shelving scheme Dewey Decimal Classification
Item type English Books
Call number suffix MOH
Classification part 657
Holdings
Withdrawn status Lost status Not for loan Collection code Home library Current library Date acquired Source of acquisition Cost, normal purchase price Full call number Barcode Copy number Cost, replacement price Koha item type
    Not For Loan Non-fiction D.B.Act.Division Bawana 12/11/2018 DBAD/PUB 795.00 657 MOH EN-107826 1 795.00 English Books
      Non-fiction Narela Narela 12/07/2023 DBAD/PUB 795.00 657 MOH EN-120906 1 795.00 English Books

© Delhi Public Library
Hit Counter
free hit counter